Detalles MARC
| 000 -CABECERA |
| Longitud fija campo de control |
01503nam a2200397 i 4500 |
| 003 - IDENTIFICADOR DEL NUMERO DE CONTROL |
| Identificador del número de control |
CO-BoRNBP |
| 005 - FECHA Y HORA DE LA ULTIMA TRANSACCION |
| Fecha y hora de la última transacción |
20230403203743.0 |
| 007 - CAMPO FIJO DE DESCRIPCION FISICA |
| Campo fijo de descripción física |
ta |
| 008 - CODIGOS DE INFORMACION DE LONGITUD FIJA |
| Códigos de información de longitud fija |
211027s2021 ck a ||ar ||| 00| 1 spa d |
| 020 ## - NUMERO INTERNACIONAL NORMALIZADO PARA LIBROS |
| Número Internacional Normalizado para Libros (ISBN) |
9789585350991 |
| 040 ## - FUENTE DE LA CATALOGACION |
| Centro catalogador de origen |
CO-BoRNBP |
| Lengua de catalogación |
spa |
| Normas de descripción |
rda |
| Centro transcriptor |
CO-BoRNBP |
| 041 1# - CODIGO DE LENGUA |
| Código de lengua del texto/banda sonora o título independiente |
spa |
| Código de lengua original |
eng |
| 043 ## - CODIGO DE AREA GEOGRAFICA |
| Código de área geográfica |
e-ie--- |
| 084 ## - Clasificación Local Alfanúmerica PNLB |
| Número de clasificación |
A MCL1 |
| 100 1# - PUNTO DE ACCESO PRINCIPAL-NOMBRE DE PERSONA |
| Nombre de persona |
McLaughlin, Eoin |
| Término indicativo de función |
autor |
| 245 13 - TITULO PROPIAMENTE DICHO |
| Título |
El abrazo |
| Mención de responsabilidad, etc. |
texto Eoin McLaughlin ; ilustraciones Polly Dunbar ; traducción Teresa Broseta Fandos |
| 250 ## - MENCION DE EDICION |
| Mención de edición |
Edición especial |
| 264 #1 - PRODUCCION, PUBLICACION , DISTRIBUCION, FABRICACION Y COPYRIGHT |
| Lugar de producción, publicación, distribución, fabricación |
Medellín, Colombia |
| Nombre del productor, editor, distribuidor, fabricante |
AS Ediciones |
| -- |
Algar Editorial |
| Fecha de de producción, publicación, distribución, fabricación o copyright |
2021 |
| 300 ## - DESCRIPCION FISICA |
| Extensión |
[18,26] páginas sin numerar y en paginación variada |
| Otras características físicas |
ilustraciones a color |
| Dimensiones |
25 cm |
| 336 ## - TIPO DE CONTENIDO |
| Término de tipo de contenido |
texto |
| Código de tipo de contenido |
txt |
| Fuente |
rdacontent |
| 337 ## - TIPO DE MEDIO |
| Nombre del tipo de medio |
sin mediación |
| Código del tipo de medio |
n |
| Fuente |
rdamedia |
| 338 ## - TIPO DE SOPORTE |
| Nombre del tipo de soporte |
volumen |
| Código del tipo de soporte |
nc |
| Fuente |
rdacarrier |
| 490 0# - MENCION DE SERIE |
| Mención de serie |
Plan Nacional de Lectura y Escritura Leer es mi Cuento / Ministerio de Cultura |
| 500 ## - NOTA GENERAL |
| Nota general |
Texto en páginas contrapuestas |
| 521 ## - NOTA DE PUBLICO DESTINATARIO |
| Nota público destinatario (R ) |
Recomendado para un público infantil mayor de 3 años |
| 534 ## - Nota De Versión Original |
| Título |
The hug |
| 650 17 - PUNTO DE ACCESO ADICIONAL DE MATERIA - TERMINO DE MATERIA |
| Término de materia o nombre geográfico como elemento inicial |
Álbumes infantiles irlandeses |
| Fuente del encabezamiento |
LEMB |
| 650 17 - PUNTO DE ACCESO ADICIONAL DE MATERIA - TERMINO DE MATERIA |
| Término de materia o nombre geográfico como elemento inicial |
Literatura infantil irlandesa |
| Fuente del encabezamiento |
LEMB |
| 650 17 - PUNTO DE ACCESO ADICIONAL DE MATERIA - TERMINO DE MATERIA |
| Término de materia o nombre geográfico como elemento inicial |
Autores irlandeses |
| Fuente del encabezamiento |
LEMB |
| 650 17 - PUNTO DE ACCESO ADICIONAL DE MATERIA - TERMINO DE MATERIA |
| Término de materia o nombre geográfico como elemento inicial |
Afecto (Psicología) |
| Subdivisión de forma |
Álbum |
| Fuente del encabezamiento |
LEMB |
| 650 17 - PUNTO DE ACCESO ADICIONAL DE MATERIA - TERMINO DE MATERIA |
| Término de materia o nombre geográfico como elemento inicial |
Emociones infantiles |
| Subdivisión de forma |
Álbum |
| Fuente del encabezamiento |
LEMB |
| 650 17 - PUNTO DE ACCESO ADICIONAL DE MATERIA - TERMINO DE MATERIA |
| Término de materia o nombre geográfico como elemento inicial |
Abrazos |
| Subdivisión de forma |
Álbum |
| Fuente del encabezamiento |
LEMB |
| 700 1# - PUNTO DE ACCESO ADICIONAL - NOMBRE DE PERSONA |
| Nombre de persona |
Dunbar, Polly |
| Fechas asociadas al nombre |
1980- |
| Término indicativo de función |
ilustradora |
| 700 1# - PUNTO DE ACCESO ADICIONAL - NOMBRE DE PERSONA |
| Nombre de persona |
Broseta Fandos, Teresa |
| Término indicativo de función |
traductora |
| 942 ## - ENTRADA DE ELEMENTOS AGREGADOS (KOHA) |
| Koha [por defecto] tipo de item |
Libro Literatura |
| Fuente de clasificaión o esquema |
Dewey Decimal Classification |